000 00342cam a2200145ua 4500
041 _aeng
_h
082 _a828.09
_bLEW/ME
100 _aLewis, Robert .
245 _aMethod of Madness /
_cRobert Lewis.
_hTextual Documents
260 _aLondon :
_bHeinemann ,
_c1960.
300 _a165 ; .
504 _a
942 _cBK
999 _c873
_d873